000 00955cam a2200325 a 4500
001 48727
005 20230410123644.0
008 950327s1993 sp b 000 0 spa
010 _a 95132322
035 _a(OCoLC)ocm33026382
040 _aDLC
_cDLC
020 _a8477771006
020 _a9788477771005
035 _a(OCoLC)33026382
043 _ae-sp---
050 1 4 _aKKT 5674.79
_bL864a 1993
100 1 _aLópez Basaguren, Alberto.
245 1 3 _aEl ararteko /
_cAlberto López Basaguren y Gonzalo Maestro Buelga.
260 _aOñati :
_bHerri-Arduralaritzaren Euskal Erakundea,
_c1993.
300 _a270 p. ;
_c18 cm.
440 0 _aColección Cuadernos autonómicos ;
_v19
650 0 _aOmbudspersons
_zSpain
_zPaís Vasco.
650 0 _aOmbudspersons.
650 0 _aOmbudsman
_zSpain
_zPaís Vasco.
650 0 _aOmbudsman.
700 1 _aMaestro Buelga, Gonzalo.
942 _2lcc
_cbk
946 _amfcruz
994 _aC0
_bDRFGD
999 _c65692
_d65692